Sociology /

Guardado en:
Detalles Bibliográficos
Autor principal: Schaefer, Richard T (Autor)
Formato: Libro
Lenguaje:inglés
Publicado: New York : McGraw-Hill, 1989
Edición:3.ed.
Materias:
Etiquetas: Agregar Etiqueta
Sin Etiquetas, Sea el primero en etiquetar este registro!

MARC

LEADER 00000nam a22000003a 4500
001 stu2993
005 20150617225617.1
008 930127s1989----xxu-----------------eng-d
020 |a 0-07-055091-3 
040 |a STU  |b slo 
041 0 |a eng 
044 |a xxu 
080 |a 316 
100 1 |a Schaefer, Richard T  |4 aut 
245 1 |a Sociology /  |c [aut.] Schaefer,Richard T 
250 |a 3.ed. 
260 |a New York :  |b McGraw-Hill,  |c 1989 
300 |a 694 s 
650 7 |a sociológia  |2 stusub 
996 |b E77844  |c R*77844  |l RRUM  |s A  |a 24  |w stu2993_0001